|
|
|
|
| LEADER |
00000cam a2200000 7i4500 |
| 001 |
0000027263 |
| 005 |
20170125.0 |
| 008 |
160125 my a may |
| 040 |
|
|
|a INS
|
| 090 |
0 |
0 |
|a KR12
|
| 110 |
1 |
|
|a Kursus pemandu cemerlang ,
|d 2015 2 - 5 Mac
|c INSPEN, Bangi
|
| 245 |
0 |
0 |
|a Kursus pemandu cemerlang :
|b 2 - 5 Mac 2015
|c Anjuran Pusat Pengurusan dan Teknologi Maklumat, INSPEN
|
| 260 |
|
|
|a Bangi :
|b Institut Penilaian Negara ,
|c 2015
|
| 300 |
|
|
|a 1 v. (mukasurat pelbagai) :
|b ill., pic. ;
|c 30 cm.
|
| 650 |
|
0 |
|a Motor vehicle drivers
|x Training of
|
| 710 |
1 |
|
|a INSPEN (Institut Penilaian Negara)
|
| 999 |
|
|
|a KR00000026
|b BOOK
|c Course Notes
|e Default branch
|
| 999 |
|
|
|a KR00000027
|b BOOK
|c Course Notes
|e Default branch
|
| 999 |
|
|
|a KR00000033
|b BOOK
|c Course Notes
|e Default branch
|